Теорія руху льонозбиральних комбайнів монографія
Na minha lista:
| Outros Autores: | , |
|---|---|
| Formato: | Livro |
| Idioma: | ucraniano |
| Publicado em: |
Л. :
ЦНТІ
2006
|
| Assuntos: | |
| Tags: |
Adicionar Tag
Sem tags, seja o primeiro a adicionar uma tag!
|
MARC
| LEADER | 00000nam a2200000 i 4500 | ||
|---|---|---|---|
| 001 | in00000000846 | ||
| 005 | 20251126075718.2 | ||
| 002 | 526682/Б90-345093 | ||
| 008 | 080214s2006 unr l000 0yukr d | ||
| 020 | |a 9667910636 |c 15.25 грн | ||
| 035 | |a ( UA-KiNSAL)526682/Б90-345093 | ||
| 040 | |a UA-KiNSAL |b ukr |c UA-KiNSAL | ||
| 080 | |a 631.35:633.521 | ||
| 090 | |a 631.35:633.521 |b Б90 | ||
| 100 | 1 | |a Булгаков, В.М. |q (Володимир Михайлович), |e автор. | |
| 245 | 1 | 0 | |a Теорія руху льонозбиральних комбайнів : |b монографія / |c В. М. Булгаков, А. Ю. Горбовий |
| 260 | |a Л. : |b ЦНТІ, |c 2006 | ||
| 300 | |a 160с. | ||
| 504 | |a Бібліогр.: с. 97-102 | ||
| 530 | |a Original record |u https://kubg.libs.net.ua/kubg_recs/0000020158.txt | ||
| 650 | 0 | 4 | |a Комбайни |
| 650 | 0 | 4 | |a Льонарство |x Механізація |
| 700 | 1 | |a Горбовий, А.Ю. |q Артур Юліанович |e автор | |
| 942 | |2 UDC |c BK | ||
| 952 | |b книга |z 20080214 |i 526682 |j 526682/Б90-345093 |o 631.35:633.521 Б90 |a 3 |g 15.25 |c 1 | ||
| 952 | |b книга |z 20080320 |i 526683 |j 526682/Б90-345093 |o 631.35:633.521 Б90 |g 15.25 |c 2 | ||
| 920 | |a PAZK | ||
| 961 | |a 691 | ||
| 991 | 0 | 0 | |a 526682/Б90-345093 |
| 997 | |a 0000020158 | ||
| 998 | |a 20158 | ||
| 999 | f | f | |i 8aea3d5a-5d11-4f26-97fd-078c233c7a16 |s 1b4e31b2-6ece-4349-98f8-bc2dedf9c76f |t 0 |